| 000 | 00500nam a2200205Ia 4500 | ||
|---|---|---|---|
| 008 | 170918s9999 xx 000 0 und d | ||
| 020 | _a59044784x | ||
| 050 | _bS468 1973 | ||
| 100 | _aSelsam, Millicent E. | ||
| 245 | _aHow kittens grow / | ||
| 245 | _cMillicent E. Selsam. | ||
| 260 | _aNew York : | ||
| 260 | _bScholastic, | ||
| 260 | _c1973 | ||
| 300 | _aunpaged : | ||
| 300 | _bcolored illustration ; | ||
| 300 | _c20cm. | ||
| 440 | _aRead with me cartwheel books. | ||
| 500 | _a470 | ||
| 999 |
_c341377 _d341377 |
||